| 000 | 00620nam a22001817a 4500 | ||
|---|---|---|---|
| 003 | SISC | ||
| 005 | 20170712144437.0 | ||
| 008 | 170710b xxu||||| |||| 00| 0 eng d | ||
| 020 | _a9780743477543 | ||
| 050 |
_aPR 2827.A2 _b.Sh527 1993 |
||
| 100 | _aShakespeare, William. | ||
| 245 |
_aA midsummer night's dream / _cWilliam Shakespeare. |
||
| 260 |
_aNew York : _bSimon & Schuster Paperbacks, _c1993. |
||
| 300 |
_alii, 202 pages : _billustrations ; _c17 cm. |
||
| 650 | _aShakespeare, William, -- 1564-1616. -- Midsummer night's dream. | ||
| 650 | _aMidsummer night's dream (Shakespeare, William). | ||
| 942 |
_2lcc _cBK |
||
| 999 |
_c337994 _d337994 |
||